KOHA-Header-6

Food Science (Record no. 14020)

000 -LEADER
fixed length control field 00326nam a22001337a 4500
020 ## - INTERNATIONAL STANDARD BOOK NUMBER
ISBN 0412064510
082 ## - DEWEY DECIMAL CLASSIFICATION NUMBER
Classification number 664
100 ## - MAIN ENTRY--AUTHOR NAME
Personal name Norman N. Potter & Joseph H. Hotchkiss
245 ## - TITLE STATEMENT
Title Food Science
250 ## - EDITION STATEMENT
Edition statement Fifth Edition
260 ## - PUBLICATION, DISTRIBUTION, ETC. (IMPRINT)
Place of publication New York
Name of publisher International Thosmon Publishing
Year of publication 1995
300 ## - PHYSICAL DESCRIPTION
Number of Pages 608 pages
942 ## - ADDED ENTRY ELEMENTS (KOHA)
Koha item type Books
Holdings
Withdrawn status Lost status Collection code Permanent Location Current Location Shelving location Date acquired Full call number Accession Number Koha item type
    Bio Sciences MAJU MAJU Shelf No.A36 2025-07-26 664 11137 Books

Powered by Koha